Per vivere l'Amoris Laetitia (Record n. 336407)

Dettagli MARC
000 -LEADER
campo di controllo lung. fissa nam a22 7a 4500
003 - Identificatore del numero di controllo
campo di controllo IT-MiCISF
005 - Data e orario dell'ultima transazione
campo di controllo 20170124163349.0
008 - Elementi di lunghezza fissa--Informazione generale
campo di controllo lung. fissa 170124b xxu||||| |||| 00| 0 eng d
040 ## - Fonte della catalogazione
Agenzia che fa la trascrizione IT-MiCISF
041 ## - Codice di lingua
Codice di lingua del testo/traccia sonora o titolo separato it
100 ## - Accesso principale -- nome di persona
Nome di persona Antonelli Ennio
9 (RLIN) 56150
245 ## - Formulazione del titolo
Titolo Per vivere l'Amoris Laetitia
260 ## - Pubblicazione, distribuzione, ecc. (stampa)
Luogo di pubblicazione, distribuzione, ecc. Milano
Nome dell'editore, distributore, ecc. Ares
Data di pubblicazione, distribuzione, ecc. 2016
300 ## - Descrizione fisica
Estensione pp. 69
500 ## - Nota generale
Nota generale pastorale-familiare, magistero, amoris-laetitia
520 ## - Riassunto, ecc.
Nota di riassunto, ecc. Il Presidente emerito del Pontificio Consiglio della Famiglia offre in queste pagine una lettura dell’esortazione apostolica di papa Francesco ricca di spunti di riflessione e di vita pratica. Un compendio denso di consigli per aiutare gli sposi a vivere nella stessa fedeltà d’amore di Dio; e per aiutare i sacerdoti e gli operatori della pastorale famigliare ad accompagnare gli sposi, anche divorziati, con uno sguardo di misericordia attento alle Verità di vita che Gesù ha esposto nel suo Vangelo.
650 ## - Accesso aggiunto di soggetto--termine topico
Termine topico o nome geografico come accesso pastorale-familiare
9 (RLIN) 56039
654 ## - Accesso aggiunto di soggetto--termini topici faccettati
Termine principale saggio
942 ## - Dati aggiuntivi (Koha)
Fonte della classificazione o dello schema di collocazione (segnatura) Dewey Decimal Classification
Tipo copia default (Koha) LIBRO
Dati di copia
Ritirato (status) Perso (status) Fonte della classificazione o dello schema di collocazione (segnatura) Danneggiato (status) Non per il presito Biblioteca proprietaria Biblioteca in cui si trova Data d'acquisizione Totale prestiti Collocazione Codice a barre Data ultima operazione Prezzo in vigore dal Tipo copia default (Koha)
    Dewey Decimal Classification Buone Condizioni Not For Loan CISF - Milano CISF - Milano 24/01/2017   a2190 9788881557059 24/01/2017 24/01/2017 LIBRO
CREDITS: SOCIETA' SAN PAOLO Via A.Severo, 58 - ROMA (RM) & PERIODICI SAN PAOLO SRL Via Giotto, 36 MILANO & CISF Via Giotto, 36 MILANO & EDIZIONI SAN PAOLO SRL,  Piazza Soncino, 5 CINISELLO BALSAMO (MI) -- ITALY